| 000 -LEADER |
| fixed length control field |
00520nam a22001937a 4500 |
| 008 - FIXED-LENGTH DATA ELEMENTS--GENERAL INFORMATION |
| fixed length control field |
131003b xxu||||| |||| 00| 0 ger d |
| 020 ## - INTERNATIONAL STANDARD BOOK NUMBER |
| International Standard Book Number |
3815571111 |
| 041 #0 - LANGUAGE CODE |
| Language code of text/sound track or separate title |
ger |
| 080 ## - UNIVERSAL DECIMAL CLASSIFICATION NUMBER |
| Universal Decimal Classification number |
004 |
| Common auxiliary subdivision |
(075) |
| 100 1# - Rafti |
| Rafti |
d'Hardancourt, Anatole |
| 245 10 - TITLE STATEMENT |
| Title |
Der GroBe pc-atlas |
| Statement of responsibility, etc |
d'Hardancourt, Anatole |
| 250 ## - |
| -- |
1. Botimi |
| 260 ## - |
| -- |
France |
| -- |
SYBEX |
| -- |
1994 |
| 300 ## - |
| -- |
177 f. |
| -- |
ilustr. fotograf. |
| -- |
28 cm |
| 500 ## - |
| -- |
Nuk permban parathenie |
| 505 ## - |
| -- |
Libri eshte ne forme atlasi |
| 650 #0 - |
| -- |
Kompjuteret |
| 942 ## - ADDED ENTRY ELEMENTS (KOHA) |
| Source of classification or shelving scheme |
|
| Item type |
Books |